|
|
|
|
| LEADER |
00000cam a22000004a 4500 |
| 001 |
musev2_15877 |
| 003 |
MdBmJHUP |
| 005 |
20230905041727.0 |
| 006 |
m o d |
| 007 |
cr||||||||nn|n |
| 008 |
041028s2005 aru o 00 0 eng d |
| 010 |
|
|
|z 2004025704
|
| 020 |
|
|
|a 9781610752503
|
| 020 |
|
|
|z 9781557287908
|
| 020 |
|
|
|z 9781557289346
|
| 035 |
|
|
|a (OCoLC)787842888
|
| 040 |
|
|
|a MdBmJHUP
|c MdBmJHUP
|
| 043 |
|
|
|a n-us---
|
| 050 |
0 |
4 |
|a ML421.B78
|b B76 2005
|
| 082 |
0 |
|
|a 782.421642/092/2
|a B
|2 22
|
| 100 |
1 |
|
|a Brown, Maxine,
|d 1931-
|
| 245 |
1 |
0 |
|a Looking Back to See :
|b A Country Music Memoir /
|c Maxine Brown.
|
| 264 |
|
1 |
|a Fayetteville :
|b University of Arkansas Press,
|c 2005.
|
| 264 |
|
3 |
|a Baltimore, Md. :
|b Project MUSE,
|c 2012
|
| 264 |
|
4 |
|c ©2005.
|
| 300 |
|
|
|a 1 online resource (426 pages):
|b ill. ;
|
| 336 |
|
|
|a text
|b txt
|2 rdacontent
|
| 337 |
|
|
|a computer
|b c
|2 rdamedia
|
| 338 |
|
|
|a online resource
|b cr
|2 rdacarrier
|
| 504 |
|
|
|a Includes discography (p. 281) and index.
|
| 505 |
0 |
|
|a Fire and hunger -- The other side -- Here today and gone tomorrow -- Sweet sounds -- The beginning of the end -- The last hard road.
|
| 588 |
|
|
|a Description based on print version record.
|
| 610 |
2 |
0 |
|a Browns (Musical group)
|
| 650 |
|
0 |
|a Country musicians
|z United States
|v Biography.
|
| 655 |
|
7 |
|a Electronic books.
|2 local
|
| 710 |
2 |
|
|a Project Muse.
|e distributor
|
| 830 |
|
0 |
|a Book collections on Project MUSE.
|
| 856 |
4 |
0 |
|z Texto completo
|u https://projectmuse.uam.elogim.com/book/15877/
|
| 945 |
|
|
|a Project MUSE - Custom Collection
|
| 945 |
|
|
|a Project MUSE - Archive Complete Foundation
|
| 945 |
|
|
|a Project MUSE - Archive Global Cultural Studies Foundation
|